FTM : female-to-male transsexuals in society /

সংরক্ষণ করুন:
গ্রন্থ-পঞ্জীর বিবরন
প্রধান লেখক: Devor, Holly (লেখক)
বিন্যাস: গ্রন্থ
ভাষা:ইংরেজি
প্রকাশিত: Bloomington [etc.] : Indiana University Press, c1997
ট্যাগগুলো: ট্যাগ যুক্ত করুন
কোনো ট্যাগ নেই, প্রথমজন হিসাবে ট্যাগ করুন!

MARC

LEADER 00000nam a22000007i 4500
001 IT\ICCU\UBO\2379156
003 ItRI
005 20260115231814.0
008 040216s1997 xxu|||||| ||||| |||||c
020 |a 0253212596 
040 |b ita  |c importazione bologna sebina 
041 7 |a eng  |2 ISO-639-2 
100 1 |a Devor, Holly  |0 IT\ICCU\TO0V\452039  |4 aut 
245 1 0 |a FTM :  |b female-to-male transsexuals in society /  |c Holly Devor. 
260 |a Bloomington [etc.] :  |b Indiana University Press,  |c c1997 
300 |a XXVIII, 695 p. :  |b ill. ;  |c 23 cm 
500 |a Segue appendice. 
942 |2 ddc  |c BK  |n 0 
952 |0 0  |1 0  |4 0  |6 T_305_321000000000000_DEV  |7 0  |9 13057  |a BO  |b BO  |d 2026-01-15  |i 5431  |l 0  |o T 305.321 DEV  |p BO5431  |r 2026-01-15 23:18:14  |w 2026-01-15  |x [Sebina 5] [1 v.]  |y BK  |z 1 v. 
999 |c 11188  |d 11188